00433nam a2200145 i 450000100060000000300090000600500170001500700030003200800410003510000260007624500560010226000670015830000300022585200320025557295ES-MaACL20230906163541.0t|031015s1973 sp ||||1| spa d1 aDomenech Coll, Jaime.10a¡Tic, tac! tiempo atrás / cJaime Domenech Coll. a[S.l. : bs.n., c1973] (ePalma de Mallorca : fColón Inca) a237 p. : bil. ; c21 cm. aES-MaACLjC-54256 bR.87130